<?xml version="1.0" encoding="UTF-8"?>
<record
    xmlns:xsi="http://www.w3.org/2001/XMLSchema-instance"
    xsi:schemaLocation="http://www.loc.gov/MARC21/slim http://www.loc.gov/standards/marcxml/schema/MARC21slim.xsd"
    xmlns="http://www.loc.gov/MARC21/slim">

  <leader>00512nam a22001577a 4500</leader>
  <controlfield tag="003">OSt</controlfield>
  <controlfield tag="005">20151103145458.0</controlfield>
  <controlfield tag="008">151103b        xxu||||| |||| 00| 0 eng d</controlfield>
  <datafield tag="040" ind1=" " ind2=" ">
    <subfield code="c">RUA</subfield>
  </datafield>
  <datafield tag="082" ind1=" " ind2=" ">
    <subfield code="a">FOR &#x179F;&#x17D2;&#x179A;&#x17B8;&#x17BB;1995 B120 Or.1</subfield>
  </datafield>
  <datafield tag="100" ind1=" " ind2=" ">
    <subfield code="9">3271</subfield>
    <subfield code="a">&#x179F;&#x17D2;&#x179A;&#x17BB;&#x17BB;&#x17B8; &#x179C;&#x17BB;&#x1791;&#x17D2;&#x1792;&#x17B8;</subfield>
  </datafield>
  <datafield tag="245" ind1=" " ind2=" ">
    <subfield code="a">&#x179F;&#x17B7;&#x1780;&#x17D2;&#x179F;&#x17B6;&#x1782;&#x17C6;&#x179A;&#x17C4;&#x1784;&#x1794;&#x17D2;&#x179B;&#x1784;&#x17CB;&#x179A;&#x17C0;&#x1794;&#x1785;&#x17C6;&#x179F;&#x17BD;&#x1793;&#x179F;&#x178F;&#x17D2;&#x179C;&#x1793;&#x17C5;&#x1797;&#x17D2;&#x1793;&#x17C6;&#x178F;&#x17B6;&#x1798;&#x17C9;&#x17C5;</subfield>
  </datafield>
  <datafield tag="260" ind1=" " ind2=" ">
    <subfield code="a">Phnom Penh</subfield>
    <subfield code="b">RUA</subfield>
    <subfield code="c">1995</subfield>
  </datafield>
  <datafield tag="300" ind1=" " ind2=" ">
    <subfield code="a">77p.</subfield>
    <subfield code="b">ill.</subfield>
    <subfield code="c">29cm.</subfield>
  </datafield>
  <datafield tag="942" ind1=" " ind2=" ">
    <subfield code="2">ddc</subfield>
    <subfield code="c">FOR</subfield>
  </datafield>
  <datafield tag="999" ind1=" " ind2=" ">
    <subfield code="c">3052</subfield>
    <subfield code="d">3052</subfield>
  </datafield>
  <datafield tag="952" ind1=" " ind2=" ">
    <subfield code="0">0</subfield>
    <subfield code="1">0</subfield>
    <subfield code="2">ddc</subfield>
    <subfield code="4">0</subfield>
    <subfield code="6">FOR_&#x179F;&#x179A;&#x17B8;&#x17BB;1995_B120_OR_1_000000000000000</subfield>
    <subfield code="7">0</subfield>
    <subfield code="9">14470</subfield>
    <subfield code="a">LBB</subfield>
    <subfield code="b">LBB</subfield>
    <subfield code="c">B120</subfield>
    <subfield code="d">2015-11-03</subfield>
    <subfield code="o">FOR &#x179F;&#x17D2;&#x179A;&#x17B8;&#x17BB;1995 B120 Or.1</subfield>
    <subfield code="p">RUA010918</subfield>
    <subfield code="r">2015-11-03</subfield>
    <subfield code="w">2015-11-03</subfield>
    <subfield code="y">FOR</subfield>
  </datafield>
  <datafield tag="952" ind1=" " ind2=" ">
    <subfield code="0">0</subfield>
    <subfield code="1">0</subfield>
    <subfield code="2">ddc</subfield>
    <subfield code="4">0</subfield>
    <subfield code="6">FOR_&#x179F;&#x179A;&#x17B8;&#x17BB;1995_B120_OR_2_000000000000000</subfield>
    <subfield code="7">0</subfield>
    <subfield code="9">14471</subfield>
    <subfield code="a">LBB</subfield>
    <subfield code="b">LBB</subfield>
    <subfield code="c">B120</subfield>
    <subfield code="d">2015-11-03</subfield>
    <subfield code="o">FOR &#x179F;&#x17D2;&#x179A;&#x17B8;&#x17BB;1995 B120 Or.2</subfield>
    <subfield code="p">RUA027587</subfield>
    <subfield code="r">2015-11-03</subfield>
    <subfield code="w">2015-11-03</subfield>
    <subfield code="y">FOR</subfield>
  </datafield>
  <datafield tag="952" ind1=" " ind2=" ">
    <subfield code="0">0</subfield>
    <subfield code="1">0</subfield>
    <subfield code="2">ddc</subfield>
    <subfield code="4">0</subfield>
    <subfield code="6">FOR_&#x179F;&#x179A;&#x17B8;&#x17BB;1995_B120_OR_3_000000000000000</subfield>
    <subfield code="7">0</subfield>
    <subfield code="9">14472</subfield>
    <subfield code="a">LBB</subfield>
    <subfield code="b">LBB</subfield>
    <subfield code="c">B120</subfield>
    <subfield code="d">2015-11-03</subfield>
    <subfield code="o">FOR &#x179F;&#x17D2;&#x179A;&#x17B8;&#x17BB;1995 B120 Or.3</subfield>
    <subfield code="p">RUA027806</subfield>
    <subfield code="r">2015-11-03</subfield>
    <subfield code="w">2015-11-03</subfield>
    <subfield code="y">FOR</subfield>
  </datafield>
  <datafield tag="952" ind1=" " ind2=" ">
    <subfield code="0">0</subfield>
    <subfield code="1">0</subfield>
    <subfield code="2">ddc</subfield>
    <subfield code="4">0</subfield>
    <subfield code="6">FOR_&#x179F;&#x179A;&#x17B8;&#x17BB;1995_B120_OR_4_000000000000000</subfield>
    <subfield code="7">0</subfield>
    <subfield code="9">14473</subfield>
    <subfield code="a">LBB</subfield>
    <subfield code="b">LBB</subfield>
    <subfield code="c">B120</subfield>
    <subfield code="d">2015-11-03</subfield>
    <subfield code="o">FOR &#x179F;&#x17D2;&#x179A;&#x17B8;&#x17BB;1995 B120 Or.4</subfield>
    <subfield code="p">RUA027731</subfield>
    <subfield code="r">2015-11-03</subfield>
    <subfield code="w">2015-11-03</subfield>
    <subfield code="y">FOR</subfield>
  </datafield>
  <datafield tag="952" ind1=" " ind2=" ">
    <subfield code="0">0</subfield>
    <subfield code="1">0</subfield>
    <subfield code="2">ddc</subfield>
    <subfield code="4">0</subfield>
    <subfield code="6">FOR_&#x179F;&#x179A;&#x17B8;&#x17BB;1995_B120_OR_5_000000000000000</subfield>
    <subfield code="7">0</subfield>
    <subfield code="9">14474</subfield>
    <subfield code="a">LBB</subfield>
    <subfield code="b">LBB</subfield>
    <subfield code="c">B120</subfield>
    <subfield code="d">2015-11-03</subfield>
    <subfield code="o">FOR &#x179F;&#x17D2;&#x179A;&#x17B8;&#x17BB;1995 B120 Or.5</subfield>
    <subfield code="p">RUA027659</subfield>
    <subfield code="r">2015-11-03</subfield>
    <subfield code="w">2015-11-03</subfield>
    <subfield code="y">FOR</subfield>
  </datafield>
</record>
